000 00821cam a2200277 a 4500
999 _c328961
_d328961
001 3400486
003 Nust
005 20180731094857.0
008 890824s1990 nyub b 001 0 eng
010 _a 89040506
020 _a9780143031079
_cRs. 695
038 _aArshad
040 _aDLC
_cDLC
_dDLC
043 _aa------
050 0 0 _aDS10
_b.D35 1990
082 0 0 _a915.04428
_bDAL
100 1 _aDalrymple, William.
_99813
245 1 0 _aIn Xanadu :
_ba quest /
_cWilliam Dalrymple.
260 _aNew York :
_bVintage Books,
_c1990.
300 _a314 p. :
_bmaps ;
_c21 cm.
490 0 _aVintage departures
504 _aIncludes bibliographical references (p. 306-309) and index.
651 0 _aAsia
_xDescription and travel.
_911233
906 _a7
_bcbc
_corignew
_d1
_eocip
_f19
_gy-gencatlg
942 _2ddc
_cBK